Passatempos ciências naturais, 8o ano (Registo nº 988)

Detalhes MARC
000 -Etiqueta do registo
Cabeçalho 00875nam a2200325 i 4500
005 - Identificador da versão
Campo de controlo 20240813121821.0
010 ## - Número internacional normalizado dos livros (ISBN)
Número (ISBN) 9720315865
Número (ISBN) 978-972-0-31586-1
021 ## - Número do Depósito Legal
Código do país PT
Número 245897/06
035 ## - Other System Control Numbers
System Control Number 0001053
System Control Number 0001036
100 ## - Dados gerais de processamento
Dados gerais de processamento 20080630d2006 d y0pory5003 ba
102 ## - Pais de publicação ou produção
País de publicação Portugal
101 0# - Língua de publicação
Língua do texto, banda sonora, etc. Português
106 ## - Campo de dados codificados: material textual
Dados codificados do material textual r
105 ## - Campo de dados codificados: livros
Dados codificados dos livros a j 000yy
215 ## - Descrição física 
Indicação específica da natureza do documento e extensão da espécie 63 p.
Outras indicações físicas il.
Dimensões 20 cm
200 1# - Titulo e menção de responsabilidade
Título próprio Passatempos ciências naturais, 8o ano
Primeira menção de responsabilidade Sandra Ribeiro, Elisa Ferreira
225 2# - Colecção 
Título próprio da colecção Passatempos
205 ## - Menção da edição
Menção da edição [1a ed.]
210 ## - Publicação, Distribuição, etc. 
Lugar da edição, distribuição, etc. Porto
Nome do editor, distribuidor, etc. Porto Editora
Data da publicação, distribuição, etc. imp. 2006
606 ## - Nome comum usado como assunto
Número de registo de entrada de autoridade 0001327
Palavra de ordem Ciências da natureza
Subdivisão de assunto Jogos educativos
Código do sistema SIPOR
675 ## - Classificação Decimal Universal (CDU)
Notação 55(075.2)
Edição BN
Língua da edição por
701 #1 - Nome de autor-pessoa física (co-responsabilidade principal)
Palavra de ordem Ferreira
Outra parte do nome não tomada para palavra de ordem Elisa
Código de função Autor / Co-autor
700 #1 - Nome de autor-pessoa física (responsabilidade principal)
Número de registo de entrada de autoridade 0001329
Palavra de ordem Ribeiro
Outra parte do nome não tomada para palavra de ordem Sandra
942 ## - Elementos de entrada adicionados (Koha)
Tipo de item no Koha Livro
Exemplares
Situação do levantamento Origin of item (home branch) (coded) Biblioteca de empréstimo Código de barras Cota Circulation type (not for loan) Tipo de documento Nota do exemplar Damaged status
  Biblioteca Escolar Eng. Nuno Mergulhão Biblioteca Escolar Eng. Nuno Mergulhão BENM1739 55(075.2)   Livro Sem mensagem